Turkey ; economic and commercial conditions in Turkey /

Bibliographic Details
Corporate Author: Great Britain. Commercial Relations and Exports Department
Other Authors: Muntz, T. G. A.
Format: Book
Language:English
Published: New York : Philosophical Library, [1951]
Subjects:

MARC

Tag First Indicator Second Indicator Subfields
LEADER 00000cam a2200000 4500
001 in00000066755
005 20151008050755.0
008 780918r19511950nyua 00000 eng
010 |a  51014293  
035 |a (OCoLC)04233340 
035 |9 AAG3263AM 
040 |a DLC  |c KSU  |d TXA  |d UtOrBLW 
049 |a TXAM  |c [206401] 
050 0 |a HC401  |b .G75 1951 
082 0 |a 330.956 
092 |a 330.956  |b G787t, 1947/50 
110 1 |a Great Britain.  |b Commercial Relations and Exports Department. 
245 1 0 |a Turkey ;  |b economic and commercial conditions in Turkey /  |c [by] T. G. A. Muntz. 
264 1 |a New York :  |b Philosophical Library,  |c [1951] 
300 |a 194 pages :  |b illustrations ;  |c 24 cm. 
336 |a text  |b txt  |2 rdacontent 
337 |a unmediated  |b n  |2 rdamedia 
338 |a volume  |b nc  |2 rdacarrier 
500 |a Issued in 1950 in the series: Overseas economic survey. 
651 0 |a Turkey  |x Economic conditions  |y 1918-1960. 
651 0 |a Turkey  |x Commerce. 
700 1 |a Muntz, T. G. A. 
999 |a MARS 
999 f f |s 952ea942-7306-3c2e-8b03-94cb702ab4f1  |i d75f80b1-2fb7-3201-91f5-ce65bd8b7009  |t 0 
952 f f |p ric  |a Texas A&M University  |b Rellis Campus  |c Joint Library Facility  |d Remote Storage  |t 0  |e HC401 .G75 1951  |h Library of Congress classification  |i unmediated -- volume  |m A14800704546 
998 f f |a HC401 .G75 1951  |t 0  |l Remote Storage